000 00557nam a2200181Ia 4500
008 151018s9999 xx 000 0 und d
082 _bRBASDV18898
_a891.463
100 _aमधु मंगेश कर्णिक
245 _aकमळण
250 _b1
260 _bप्रिया प्रकाशन मुंबई
_c1985
300 _a228
600 _aमधु मंगेश कर्णिक
630 _aकमळण
700 _aमधु मंगेश कर्णिक
730 _aकमळण
942 _cBOOK
999 _c1019542
_d1019539